Objavujeme svet! Doma

Bibliographic Details
Main Author: Choux, Nathalie, 1967- (Author, Illustrator)
Other Authors: Madarásová, Jitka (Translator)
Format: Book
Language:Slovak
French
PhysicalDescription:[10] s. fareb. ilustr. 17 x 17 cm
Published: Bratislava Svojtka & Co 2017
ISBN:9788056701201
Edition:1. slov. vyd.
Series:Minipédia
Subjects:

MARC

LEADER 00000cam a2200000 a 4500
001 vtls011715188
003 SK-MaSNL
005 20260302053721.0
008 180105s2017 xo a a 000 0 slo
015 |a SNBA2018/01 
020 |a 9788056701201  |q (leporelo) 
040 |a SNK  |b slo  |c SNK  |e AACR2 
041 1 |a slo  |h fre 
044 |a xo  |c SK 
072 7 |a 0/9-053.2  |x Literatúra pre deti a mládež (náučná)  |2 konspekt 
080 |a 365  |2 2011 
080 |a (0.025.2)  |2 2011 
080 |a (0.05)  |2 2011 
100 1 |a Choux, Nathalie,  |d 1967-  |4 aut  |4 ill  |9 170911 
245 1 0 |a Objavujeme svet!  |p Doma  |c [ilustrovala Nathalie Choux ; z francúzskeho originálu preložila Jitka Madarásová] 
246 3 0 |a Doma 
250 |a 1. slov. vyd. 
260 |a Bratislava  |b Svojtka & Co  |c 2017 
300 |a [10] s.  |b fareb. ilustr.  |c 17 x 17 cm 
490 1 |a Minipédia 
500 |a Kartónové listy s posuvnými obrázkami 
500 |a Názov z obalu 
500 |a Pravdepodobne preložené z francúzskeho vydania 
521 |a 1-3 roky 
650 0 7 |a bývanie  |2 SNKPH  |9 1991 
650 0 7 |a Housing  |2 SNKPHeng  |9 266486 
655 7 |a leporelá  |2 SNKPH  |9 60414 
655 7 |a publikácie pre deti  |2 SNKPH  |9 70148 
655 7 |a Picture books for children  |2 SNKPHeng  |9 277438 
655 7 |a Children's literature  |2 SNKPHeng  |9 276039 
700 1 |a Madarásová, Jitka  |4 trl  |9 207448 
730 0 |a Mon imagier de la maison  |l Slovensky  |9 712043 
830 0 |a Minipédia  |9 312773 
919 |a 978-80-567-0120-1 
958 |a DB 
958 |a OP 
999 |c 1110521  |d 1112451 
952 |a SNK  |b SNK  |y PREZ  |7 0  |p 17A1305651  |o snkOSD 10040  |i snk2017/26813  |8 0  |0 0  |1 0  |4 0  |d 2017-12-04  |l 0  |r 2026-02-24 17:59:14  |w 2026-02-24 
952 |a SNK  |b SNK  |y PREZ  |7 0  |p 17A1305652  |o snkOSD 10040 D1  |i snk2017/26814  |8 0  |0 0  |1 0  |4 0  |d 2017-12-04  |l 0  |r 2026-02-24 17:59:14  |w 2026-02-24